| 000 | 00374nam a22001457a 4500 | ||
|---|---|---|---|
| 020 | _a9789384323417 | ||
| 040 | _cNUST | ||
| 082 | _a512.6 WIL | ||
| 100 |
_aWilliams, Gareth _98896 |
||
| 245 | _aLinear Algebra with Applications | ||
| 250 | _a9th Edition | ||
| 260 |
_aIndia: _bJohn and Bartlett Education, _c2019. |
||
| 650 |
_aLinear Algebra _957395 |
||
| 942 |
_2ddc _cBK |
||
| 999 |
_c589942 _d589942 |
||